| Поле | Название | Значение |
| |
Тип записи |
c |
| |
Библиографический уровень |
m |
| 001 |
Контрольный номер |
UONB/NOTY/5f922d3aeed543ec996b7908a736337f |
| 005 |
Дата корректировки |
20250520123419.1 |
| 010 |
Индекс ISBN |
__ |
| 9 |
Тираж |
67870 экз. |
| 013 |
Номер (ISMN) |
__ |
| d |
Цена |
25 к. |
| 100 |
Данные общей обработки |
__ |
| a |
Данные общей обработки |
20220802d1979 u##y0rusy0189## ca |
| 101 |
Язык документа |
0_ |
| a |
Язык текста |
rus |
| f |
Язык титульного листа |
rus |
| 102 |
Страна публикации |
__ |
| a |
Страна публикации |
RU |
| 125 |
Кодированные данные звукозаписи и нотных изданий |
__ |
| a |
Форма изложения нотного текста |
m |
| 128 |
Кодированные данные (звукозаписи-физические характеристики) |
__ |
| a |
Кодированные данные: Музыкальная форма и тональность или лад |
sg |
| b |
Инструменты или голоса, необходимые для ансамблей (устаревшее) |
cu |
| b |
Инструменты или голоса, необходимые для ансамблей (устаревшее) |
cd |
| c |
Инструменты или голоса, рекомендуемые для солистов (устаревшее) |
vu |
| 200 |
Заглавие и сведения об ответственности |
1_ |
| a |
Заглавие |
Поет хор |
| e |
Сведения, относящиеся к заглавию |
[для хора разных составов с сопровожд. фп., баяна, с буквенно-цифровым обозначением и без сопровожд.] |
| f |
Первые сведения об ответственности |
сост. О. Я. Дымов |
| 203 |
Вид содержания и тип средства |
__ |
| a |
Вид содержания |
Музыка |
| b |
Характеристика содержания |
знаковая |
| c |
Тип средства |
непосредственная |
| 210 |
Выходные данные |
1_ |
| a |
Место издания |
Москва |
| c |
Издательство |
Советская Россия |
| d |
Дата издания |
1979 |
| 215 |
Физическое описание |
__ |
| d |
Формат |
20 см |
| a |
Объем |
112 с. |
| 225 |
Серия |
2_ |
| a |
Серия |
Библиотечка "В помощь художественной самодеятельности" |
| v |
Обозначение тома |
№ 9 |
| 327 |
Примечание о содержании |
01 |
| a |
Примечание о содержании |
Содерж. : Фиготин Б. Комсомольские сердца / сл. В. Татаринова. - Дубравин Я. Мы не просто молоды / сл. Ю. Погорельского. - Пахмутова А. Пятнадцать костров / сл. Н. Добронравова. - Букин В. Страна моя / сл. М. Нагнибеды. - Клоков А. Слава партии / сл. Г. Голунова. - Чумаков М. Рабочий класс шагает по планете / сл. В. Глебова. - Векшин Г. Россия новая, Россия светлая / сл. В. Бурыгина. - Егиков И. Наше знамя / сл. Б. Дубровина. - Дымов О. Запомните, солдаты! / сл. Г. Борисова. - Маслов Ф. С добрым утром, Москва! / сл. И. Дремова, В. Федотова. - Бинкин З. Человеку холодно без песни / сл. С. Орлова. - Савельев А. Тетушка Христина / сл. М. Исаковского. - Кутузов Н. Нивы / сл. И. Дремова. - Широков А. Догорела полоска заката / сл. А. Владимирова. - Флярковский А. Невская акварель / сл. И. Михайлова. - Бойко Р. Виноград / сл. А. Пушкина. - Адлер Е. Снег идет / сл. Б. Пастернака. - Гевиксман В. Утро туманное / сл. А. Блока. - Френкель Я. У нас любовь не получилась / сл. И. Шаферана. - Шаинский В. Рассвет-чародей : из кф. "Охотники за браконьерами" / сл. М. Пляцковского. - Левандо М. Если ты думаешь... / сл. Р. Кено. - Гурьев Ю. Прощание с Карелией / сл. В. Семернина. - Литвинов В. Разлюбица / сл. Л. Татьяничевой. - Руденко В. Ой ты, ночка / сл. В. Застрожного. - Абрамов А. За околицей елки-елочки... / сл. А. Гангова. - Волченко В. Зимний день / сл. В. Ефимова. - Хлиманович А. Не спеши ты, лето / сл. А. Яворского. - Капустку садила : рус. нар. песня / обраб. А. Ленского. - Кузнецова Ж. Поиграй, игрок, по-яхреньгски / сл. народные. - Ой, по горi льон : укр. нар. песня / обраб. В. Попова. |
| 464 |
Аналитический уровень |
_0 |
| 1 |
|
2001 |
| a |
|
Фиготин Б. Комсомольские сердца / сл. В. Татаринова |
| 464 |
Аналитический уровень |
_0 |
| 1 |
|
2001 |
| a |
|
Дубравин Я. Мы не просто молоды / сл. Ю. Погорельского |
| 464 |
Аналитический уровень |
_0 |
| 1 |
|
2001 |
| a |
|
Пахмутова А. Пятнадцать костров / сл. Н. Добронравова |
| 464 |
Аналитический уровень |
_0 |
| 1 |
|
2001 |
| a |
|
Букин В. Страна моя / сл. М. Нагнибеды |
| 464 |
Аналитический уровень |
_0 |
| 1 |
|
2001 |
| a |
|
Клоков А. Слава партии / сл. Г. Голунова |
| 464 |
Аналитический уровень |
_0 |
| 1 |
|
2001 |
| a |
|
Чумаков М. Рабочий класс шагает по планете / сл. В. Глебова |
| 464 |
Аналитический уровень |
_0 |
| 1 |
|
2001 |
| a |
|
Векшин Г. Россия новая, Россия светлая / сл. В. Бурыгина |
| 464 |
Аналитический уровень |
_0 |
| 1 |
|
2001 |
| a |
|
Егиков И. Наше знамя / сл. Б. Дубровина |
| 464 |
Аналитический уровень |
_0 |
| 1 |
|
2001 |
| a |
|
Дымов О. Запомните, солдаты! / сл. Г. Борисова |
| 464 |
Аналитический уровень |
_0 |
| 1 |
|
2001 |
| a |
|
Маслов Ф. С добрым утром, Москва! / сл. И. Дремова, В. Федотова |
| 464 |
Аналитический уровень |
_0 |
| 1 |
|
2001 |
| a |
|
Бинкин З. Человеку холодно без песни / сл. С. Орлова |
| 464 |
Аналитический уровень |
_0 |
| 1 |
|
2001 |
| a |
|
Савельев А. Тетушка Христина / сл. М. Исаковского |
| 464 |
Аналитический уровень |
_0 |
| 1 |
|
2001 |
| a |
|
Кутузов Н. Нивы / сл. И. Дремова |
| 464 |
Аналитический уровень |
_0 |
| 1 |
|
2001 |
| a |
|
Широков А. Догорела полоска заката / сл. А. Владимирова |
| 464 |
Аналитический уровень |
_0 |
| 1 |
|
2001 |
| a |
|
Флярковский А. Невская акварель / сл. И. Михайлова |
| 464 |
Аналитический уровень |
_0 |
| 1 |
|
2001 |
| a |
|
Бойко Р. Виноград / сл. А. Пушкина |
| 464 |
Аналитический уровень |
_0 |
| 1 |
|
2001 |
| a |
|
Адлер Е. Снег идет / сл. Б. Пастернака |
| 464 |
Аналитический уровень |
_0 |
| 1 |
|
2001 |
| a |
|
Гевиксман В. Утро туманное / сл. А. Блока |
| 464 |
Аналитический уровень |
_0 |
| 1 |
|
2001 |
| a |
|
Френкель Я. У нас любовь не получилась / сл. И. Шаферана |
| 464 |
Аналитический уровень |
_0 |
| 1 |
|
2001 |
| a |
|
Шаинский В. Рассвет-чародей : из кф. "Охотники за браконьерами" / сл. М. Пляцковского |
| 464 |
Аналитический уровень |
_0 |
| 1 |
|
2001 |
| a |
|
Левандо М. Если ты думаешь... / сл. Р. Кено |
| 464 |
Аналитический уровень |
_0 |
| 1 |
|
2001 |
| a |
|
Гурьев Ю. Прощание с Карелией / сл. В. Семернина |
| 464 |
Аналитический уровень |
_0 |
| 1 |
|
2001 |
| a |
|
Литвинов В. Разлюбица / сл. Л. Татьяничевой |
| 464 |
Аналитический уровень |
_0 |
| 1 |
|
2001 |
| a |
|
Руденко В. Ой ты, ночка / сл. В. Застрожного |
| 464 |
Аналитический уровень |
_0 |
| 1 |
|
2001 |
| a |
|
Абрамов А. За околицей елки-елочки... / сл. А. Гангова |
| 464 |
Аналитический уровень |
_0 |
| 1 |
|
2001 |
| a |
|
Волченко В. Зимний день / сл. В. Ефимова |
| 464 |
Аналитический уровень |
_0 |
| 1 |
|
2001 |
| a |
|
Хлиманович А. Не спеши ты, лето / сл. А. Яворского |
| 464 |
Аналитический уровень |
_0 |
| 1 |
|
2001 |
| a |
|
Капустку садила : рус. нар. песня / обраб. А. Ленского |
| 464 |
Аналитический уровень |
_0 |
| 1 |
|
2001 |
| a |
|
Кузнецова Ж. Поиграй, игрок, по-яхреньгски / сл. народные |
| 464 |
Аналитический уровень |
_0 |
| 1 |
|
2001 |
| a |
|
Ой, по горi льон : укр. нар. песня / обраб. В. Попова. |
| 512 |
Заглавие обложки |
1_ |
| a |
Заглавие обложки |
Поет хор |
| 606 |
Тематические рубрики |
0_ |
| a |
Основная рубрика |
Хоровое пение |
| x |
Основная подрубрика |
Хоровые произведения |
| x |
Основная подрубрика |
Песни о Родине |
| x |
Основная подрубрика |
Массовые песни |
| x |
Основная подрубрика |
Лирические песни |
| x |
Основная подрубрика |
Детские хоры |
| y |
Географическая подрубрика |
Россия |
| z |
Хронологическая подрубрика |
20 в. |
| 610 |
Ключевые слова |
0_ |
| a |
Ключевые слова |
хоровое пение; песни советских композиторов; песни о Родине; массовые песни; лирические песни; детские хоры |
| 686 |
Индексы других классификаций |
__ |
| a |
Классификационный индекс |
85.941.0-041(2)я436 |
| 2 |
Код системы |
rubbk |
| 702 |
Вторичная интеллектуальная ответственность |
_1 |
| a |
Фамилия |
Дымов |
| b |
Имя (инициалы) |
О. Я. |
| 4 |
Код отношения |
220 |
| 801 |
Источник записи |
_0 |
| a |
Страна |
RU |
| b |
Организация |
Ульяновская ОНБ |
| c |
Дата составления |
20220802 |
| g |
Правила каталогизации |
RCR |
| 801 |
Источник записи |
_1 |
| a |
Страна |
RU |
| b |
Организация |
Ульяновская ОНБ |
| c |
Дата составления |
20220802 |
| g |
Правила каталогизации |
RCR |
| 901 |
Тип документа |
__ |
| t |
Тип документа |
m |
| 909 |
Создатель записи |
__ |
| a |
Создатель записи |
Никитина Т. А. |